000 00801nam a2200253 i 4500
001 5519
003 ES-MaACL
005 20230906144615.0
007 t|
008 881026s1982 sp ||||1| spa d
020 _a84-7092-250-5
080 _a612.017
080 _a576.809.731
100 1 _aRoitt, Ivan M.
_999032
245 1 0 _aInmunología esencial /
_cIvan M. Roitt ; versión española por Antonio Arnaiz Villena, con la colaboración de José Ramón Regueiro.
250 _a4a ed.
260 _aBarcelona :
_bJims,
_c1982.
300 _aXVI, 326 p. :
_bil. ;
_c24 cm.
500 _aBibliografia. Indice.
650 4 _aInmunología.
_913787
700 1 _aArnaiz Villena, Antonio.
_923025
700 1 _aRegueiro, José Ramón.
_995927
852 _aES-MaACL
_jL-12184
_bR.115357
_z. - Rust.
999 _c5519
_d5519